00457nam a2200157Ia 4500008004100000020000700041082001700048100001900065245005400084250000700138260003600145300002800181500001900209600002100228650005000249240925s9999 xx 000 0 und d aNA a005.7565 ORA aOracle Press - 0aOrical.8 Vol-1to 2 Developer /2000: Build Forms I aNA aNew York:bOracal Pressc,1998. a230p.b2-JanfPhotocopy aIncludes Index aComputer Science aComputer science, information & general works